El arte de llorar en coro = Kunsten at graede i kor /

Allan es un pequeño niño que vive con una familia disfuncional a causa su manipulador y abusador padre, quien atormenta a su madre y a su pequeña hermana, pero en el exterior es un personaje reconocido por sus panegíricos lanzados en los funerales para provocar el llanto de los dolientes, lo cual le...

Whakaahuatanga katoa

I tiakina i:
Ngā taipitopito rārangi puna kōrero
Kaituhi matua: Fog, Peter Schønau (realización)
Ētahi atu kaituhi: Jansen, Bo Hr. (guión) (guión), Paalgard, Harald Gunnar (fotógrafo) (fotógrafo), Østerud, Anne (montaje) (montaje), Fundal, Karsten (música) (música), Lorenzen, Jannik (actuación) (actuación), Asholt, Jesper (actuación) (actuación), Hedelund, Hanne (actuación) (actuación)
Hōputu: Reti
Reo:Teina
Ngā marau:
Ngā Tūtohu: Tāpirihia he Tūtohu
Kāore He Tūtohu, Me noho koe te mea tuatahi ki te tūtohu i tēnei pūkete!

MARC

LEADER 00000ngm^a2200000^a^4500
001 000305533
005 20250521000000.0
009 20260526135615.749
037 |a Acervo ITESO - Biblioteca 
041 |a DAN 
082 |a 839. 81  |b FOG 
100 |a Fog, Peter Schønau  |e (realización) 
245 1 3 |a El arte de llorar en coro =  |b Kunsten at graede i kor /  |c Realización de P.S. Fog. 
264 2 |a México :  |b Mundo en DVD [distribución],  |c copyright fecha no identificada 
300 |a 1 DVD región 4  |c (102 min.) 
336 |a imagen móvil bidimensional  |b tdi  |2 rdacontenido 
337 |a video  |b v  |2 rdamedio 
338 |a videodisco  |b vd  |2 rdasoporte 
500 |a Basado en: El arte de llorar en coro, de Erling Jepsen 
520 |a Allan es un pequeño niño que vive con una familia disfuncional a causa su manipulador y abusador padre, quien atormenta a su madre y a su pequeña hermana, pero en el exterior es un personaje reconocido por sus panegíricos lanzados en los funerales para provocar el llanto de los dolientes, lo cual le produce placer. Frente a estas conductas del padre, el niño hará hasta lo imposible para mantener alegre a su padre e incidir en la recomposición de su familia. 
546 |a En danés, con subtítulos opcionales: español 
649 |a XX 
650 |a Familia Disfuncional en el Cine 
650 |a Dramas Cinematográficos 
650 |a Opera Prima 
650 |a Cine Danés -  |y 2000-2009 
650 |a Cine Danés -  |y Siglo XXI 
650 |a Novela Danesa -  |x Adaptaciones para Cine 
650 |a Literatura Danesa -  |y Siglo XX -  |x Adaptaciones para Cine 
650 |a Literatura y Cine 
650 |a Relaciones Familiares 
650 |a Incesto 
650 |a Violencia Doméstica 
650 |a Abuso Sexual Infantil 
650 |a Maltrato Infantil 
700 |a Jansen, Bo Hr.  |e (guión) 
700 |a Paalgard, Harald Gunnar  |e (fotógrafo) 
700 |a Østerud, Anne  |e (montaje) 
700 |a Fundal, Karsten  |e (música) 
700 |a Lorenzen, Jannik  |e (actuación) 
700 |a Asholt, Jesper  |e (actuación) 
700 |a Hedelund, Hanne  |e (actuación) 
910 |a Fondo General 
920 |a Audiovisuales - DVDs 
940 |a Películas 
905 |a 302 
901 |a 0500198764  |b IT2  |c DVS  |i C124808  |u 20250521 
902 |a https://opac.biblio.iteso.mx/vufind/Record/000305533